[Event "Hessen-ch Seniors op 04th"]
[Site "Bad Sooden-Allendorf"]
[Date "2008.05.01"]
[Round "8"]
[White "Heidfeld, Christel"]
[Black "Von Wegerer, Reinhard"]
[Result "1-0"]
[WhiteElo "1169"]
[BlackElo "675"]
[PlyCount "60"]
[EventDate "2008.04.24"]
[EventType "swiss"]
[EventRounds "9"]
[EventCountry "GER"]
[SourceTitle "EXT 2022"]
[Source "ChessBase"]
[SourceDate "2021.10.06"]
[SourceVersion "1"]
[SourceVersionDate "2021.10.06"]
[SourceQuality "1"]

1. e4 b5 2. c4 a6 3. Qf3 Bb7 4. Nc3 Nf6 5. Bd3 Nc6 6. Nge2 Nb4 7. 0-0 Nxd3 8. Qxd3 b4 9. Nd5 a5 10. e5 Nxd5 11. cxd5 e6 12. dxe6 Qg5 13. Qg3 Qxg3 14. Nxg3 dxe6 15. d4 Rd8 16. Be3 g6 17. Rfc1 c6 18. Rd1 Be7 19. Nf1 0-0 20. Nd2 a4 21. a3 b3 22. Nc4 Rb8 23. Nb6 Ba6 24. Nd7 Rbd8 25. Nxf8 Bxf8 26. Rdc1 c5 27. dxc5 Bg7 28. Rd1 Bd3 29. c6 Bxe5 30. f4 Bc7 1-0

[Event "Hessen-ch Seniors op 04th"]
[Site "Bad Sooden-Allendorf"]
[Date "2008.04.28"]
[Round "5"]
[White "Rollwitz, Inge"]
[Black "Von Wegerer, Reinhard"]
[Result "1-0"]
[WhiteElo "1209"]
[BlackElo "675"]
[PlyCount "64"]
[EventDate "2008.04.24"]
[EventType "swiss"]
[EventRounds "9"]
[EventCountry "GER"]
[SourceTitle "EXT 2022"]
[Source "ChessBase"]
[SourceDate "2021.10.06"]
[SourceVersion "1"]
[SourceVersionDate "2021.10.06"]
[SourceQuality "1"]

1. c4 e5 2. Nc3 Nf6 3. e3 Nc6 4. g3 Bc5 5. Nge2 d6 6. Bg2 Bf5 7. a3 Ne7 8. Bxb7 Rb8 9. Qa4+ Bd7 10. Qb3 Bc6 11. Bxc6+ Nxc6 12. Qa4 Qd7 13. Qd1 0-0 14. d4 exd4 15. exd4 Bb6 16. d5 Nd8 17. 0-0 Ng4 18. Ne4 Qf5 19. N2c3 Re8 20. Kg2 Nb7 21. f3 Ne5 22. Rb1 Nxc4 23. Qe2 Nba5 24. b3 Ne5 25. g4 Qg6 26. Be3 Bxe3 27. Qxe3 h5 28. h3 f5 29. Qxa7 Nb7 30. Qf2 fxe4 31. Na4 Rf8 32. Qe2 exf3+ 1-0

[Event "Niedersachsen-ch Seniors op 10th"]
[Site "Bad Bevensen"]
[Date "2007.07.05"]
[Round "3"]
[White "Loechner, Friedrich"]
[Black "Von Wegerer, Reinhard"]
[Result "1-0"]
[WhiteElo "1758"]
[BlackElo "1186"]
[PlyCount "45"]
[EventDate "2007.07.03"]
[EventType "swiss"]
[EventRounds "9"]
[EventCountry "GER"]
[SourceTitle "EXT 2022"]
[Source "ChessBase"]
[SourceDate "2021.10.06"]
[SourceVersion "1"]
[SourceVersionDate "2021.10.06"]
[SourceQuality "1"]

1. Nf3 Nc6 2. d4 d5 3. c4 b6 4. cxd5 Qxd5 5. Nc3 Qa5 6. Bd2 b5 7. e4 b4 8. Nd5 e6 9. Ne3 Ba6 10. Nc4 Bxc4 11. Bxc4 Qb6 12. Be3 Qb7 13. Qa4 0-0-0 14. Ba6 Nxd4 15. Nxd4 Rd6 16. Bxb7+ Kxb7 17. Qxb4+ Kc8 18. Qc4 e5 19. Rc1 Rd7 20. Qa6+ Kd8 21. Nc6+ Ke8 22. Qc8+ Rd8 23. Qxd8# 1-0

[Event "Hessen-ch Seniors op 03rd"]
[Site "Bad Sooden-Allendorf"]
[Date "2007.05.04"]
[Round "7"]
[White "Koehler, Marianne"]
[Black "Von Wegerer, Reinhard"]
[Result "1-0"]
[WhiteElo "1371"]
[BlackElo "1186"]
[PlyCount "81"]
[EventDate "2007.04.27"]
[EventType "swiss"]
[EventRounds "9"]
[EventCountry "GER"]
[SourceTitle "EXT 2022"]
[Source "ChessBase"]
[SourceDate "2021.10.06"]
[SourceVersion "1"]
[SourceVersionDate "2021.10.06"]
[SourceQuality "1"]

1. e4 Nc6 2. Nf3 e5 3. c3 a6 4. d3 h6 5. g3 d6 6. Bg2 Be6 7. 0-0 g5 8. Ne1 Nf6 9. f3 Qd7 10. d4 exd4 11. cxd4 Bc4 12. Rf2 Nb4 13. b3 Bb5 14. a3 Nd3 15. Nxd3 Bxd3 16. Qxd3 g4 17. f4 0-0-0 18. Bb2 d5 19. e5 Ne8 20. Nd2 c6 21. b4 h5 22. Nb3 h4 23. Nc5 Bxc5 24. bxc5 hxg3 25. hxg3 Ng7 26. Bc3 Rh5 27. Rb2 Rdh8 28. Rab1 b5 29. cxb6 Kb7 30. Rb4 Ra8 31. R4b3 Ne6 32. Bb4 Qc8 33. Be7 Qg8 34. Rc3 Nxf4 35. gxf4 g3 36. Qf3 Qg6 37. Rbc1 Rah8 38. Rxc6 Rh1+ 39. Bxh1 Rh2 40. Rxg6 fxg6 41. Qxd5+ 1-0

[Event "Hessen-ch Seniors op 03rd"]
[Site "Bad Sooden-Allendorf"]
[Date "2007.05.02"]
[Round "5"]
[White "Von Wegerer, Reinhard"]
[Black "Lisek, Irma"]
[Result "0-1"]
[WhiteElo "1186"]
[BlackElo "1378"]
[PlyCount "60"]
[EventDate "2007.04.27"]
[EventType "swiss"]
[EventRounds "9"]
[EventCountry "GER"]
[SourceTitle "EXT 2022"]
[Source "ChessBase"]
[SourceDate "2021.10.06"]
[SourceVersion "1"]
[SourceVersionDate "2021.10.06"]
[SourceQuality "1"]

1. Nf3 Nf6 2. Nc3 e5 3. g3 d5 4. e4 Nc6 5. Bb5 Qd6 6. Bxc6+ bxc6 7. h3 dxe4 8. Ng5 Be6 9. Ngxe4 Nxe4 10. Nxe4 Qd5 11. d3 Be7 12. g4 Bh4 13. Qf3 0-0 14. g5 f5 15. c4 Qa5+ 16. Bd2 Qb6 17. Be3 fxe4 18. Bxb6 exf3 19. Bxc7 Rf5 20. g6 hxg6 21. Rg1 Kh7 22. Rg4 Rh5 23. Re4 Bf6 24. c5 Bd5 25. Rb4 Rxh3 26. Kd2 Rh2 27. Rf1 Be6 28. d4 Rh4 29. Kc3 exd4+ 30. Rxd4 Bxd4+ 0-1

[Event "Hessen-ch Seniors op 03rd"]
[Site "Bad Sooden-Allendorf"]
[Date "2007.05.01"]
[Round "4"]
[White "Girod, Gudrun"]
[Black "Von Wegerer, Reinhard"]
[Result "1/2-1/2"]
[WhiteElo "1320"]
[BlackElo "1186"]
[PlyCount "48"]
[EventDate "2007.04.27"]
[EventType "swiss"]
[EventRounds "9"]
[EventCountry "GER"]
[SourceTitle "EXT 2022"]
[Source "ChessBase"]
[SourceDate "2021.10.06"]
[SourceVersion "1"]
[SourceVersionDate "2021.10.06"]
[SourceQuality "1"]

1. d4 Nf6 2. e3 d5 3. Nf3 Bg4 4. Be2 Bxf3 5. Bxf3 e6 6. c3 c6 7. Nd2 Nbd7 8. e4 dxe4 9. Nxe4 Nxe4 10. Bxe4 h6 11. 0-0 Nf6 12. Bc2 h5 13. h3 h4 14. Bg5 Qb6 15. b3 Nd5 16. c4 Nc7 17. Be3 Qa5 18. Bd2 Qb6 19. Be3 Rd8 20. Qe2 Na6 21. a3 Bd6 22. c5 Nxc5 23. dxc5 Bxc5 24. Bxc5 Qxc5 1/2-1/2

[Event "Niedersachsen-ch Seniors op 09th"]
[Site "Bad Bevensen"]
[Date "2006.06.26"]
[Round "3"]
[White "Von Wegerer, Reinhard"]
[Black "Hippler, Hans Werner"]
[Result "0-1"]
[WhiteElo "1150"]
[BlackElo "1531"]
[PlyCount "46"]
[EventDate "2006.06.24"]
[EventType "swiss"]
[EventRounds "9"]
[EventCountry "GER"]
[SourceTitle "EXT 2022"]
[Source "ChessBase"]
[SourceDate "2021.10.06"]
[SourceVersion "1"]
[SourceVersionDate "2021.10.06"]
[SourceQuality "1"]

1. d4 Nf6 2. Bf4 e6 3. Nf3 Be7 4. a3 0-0 5. e3 d6 6. h3 Bd7 7. Nc3 Nc6 8. g4 d5 9. Qd2 a6 10. 0-0-0 b5 11. Bd3 b4 12. Nb1 bxa3 13. bxa3 a5 14. c3 a4 15. Bc2 Na5 16. Ne5 Bb5 17. Bg5 Ne4 18. Bxe4 Nb3+ 19. Kc2 Nxd2 20. Nxd2 dxe4 21. Ra1 Qd5 22. c4 Bxc4 23. Ndxc4 Bxg5 0-1

[Event "Hessen-ch Seniors op 02nd"]
[Site "Bad Sooden-Allendorf"]
[Date "2006.05.07"]
[Round "6"]
[White "Wiebke, Elfriede"]
[Black "Von Wegerer, Reinhard"]
[Result "1/2-1/2"]
[WhiteElo "1007"]
[BlackElo "847"]
[PlyCount "46"]
[EventDate "2006.04.25"]
[EventType "swiss"]
[EventRounds "9"]
[EventCountry "GER"]
[SourceTitle "EXT 2007"]
[Source "ChessBase"]
[SourceDate "2006.11.23"]
[SourceVersion "1"]
[SourceVersionDate "2006.11.23"]
[SourceQuality "1"]

1. e4 Nc6 2. Nf3 Nf6 3. Nc3 e5 4. d3 Bc5 5. Qd2 h6 6. Nd5 Nxd5 7. exd5 Nb4 8. Nxe5 Nxd5 9. d4 Bb4 10. c3 Be7 11. Bc4 c6 12. 0-0 d6 13. Bxd5 cxd5 14. Nf3 Bg4 15. Qd1 h5 16. b4 b5 17. Re1 Kd7 18. a4 Qc7 19. Qd3 Qc4 20. Qxc4 dxc4 21. axb5 h4 22. Bg5 Bxg5 23. Nxg5 d5 1/2-1/2

[Event "Hessen-ch Seniors op 02nd"]
[Site "Bad Sooden-Allendorf"]
[Date "2006.04.29"]
[Round "5"]
[White "Alefs, Willi"]
[Black "Von Wegerer, Reinhard"]
[Result "1-0"]
[WhiteElo "1609"]
[BlackElo "847"]
[PlyCount "73"]
[EventDate "2006.04.25"]
[EventType "swiss"]
[EventRounds "9"]
[EventCountry "GER"]
[SourceTitle "EXT 2007"]
[Source "ChessBase"]
[SourceDate "2006.11.23"]
[SourceVersion "1"]
[SourceVersionDate "2006.11.23"]
[SourceQuality "1"]

1. e4 e5 2. Bc4 Nf6 3. Nc3 Bd6 4. d3 0-0 5. Bg5 Bc5 6. Nd5 Be7 7. Nxe7+ Qxe7 8. c3 d6 9. Qf3 Nbd7 10. Ne2 Nb6 11. Bb3 Be6 12. Ng3 Bg4 13. Qxg4 Nxg4 14. Bxe7 Rfe8 15. Bg5 Nd7 16. f3 Ngf6 17. Kf2 Nc5 18. Bc2 Ne6 19. Bxf6 gxf6 20. Nh5 Kh8 21. Nxf6 Re7 22. g3 Kg7 23. Nd5 Rd7 24. Rag1 c6 25. Ne3 Nc5 26. f4 Rg8 27. d4 Na6 28. Rd1 f6 29. Nf5+ Kh8 30. dxe5 d5 31. e6 Rc7 32. exd5 Nc5 33. d6 Rcc8 34. e7 Rb8 35. d7 Nxd7 36. Rxd7 Rge8 37. Rhd1 1-0

[Event "Hessen-ch Seniors op 02nd"]
[Site "Bad Sooden-Allendorf"]
[Date "2006.04.26"]
[Round "2"]
[White "Von Wegerer, Reinhard"]
[Black "Tuertmann, Dieter"]
[Result "0-1"]
[WhiteElo "847"]
[BlackElo "1886"]
[PlyCount "64"]
[EventDate "2006.04.25"]
[EventType "swiss"]
[EventRounds "9"]
[EventCountry "GER"]
[SourceTitle "EXT 2007"]
[Source "ChessBase"]
[SourceDate "2006.11.23"]
[SourceVersion "1"]
[SourceVersionDate "2006.11.23"]
[SourceQuality "1"]

1. e4 c5 2. Bc4 Nc6 3. Qh5 e6 4. d3 Nf6 5. Qh3 d5 6. Bb5 Qa5+ 7. Nc3 d4 8. Bxc6+ bxc6 9. Bd2 dxc3 10. Bxc3 Qd8 11. e5 Nd5 12. Qf3 Bb7 13. Bd2 Qc7 14. Qg3 Nb4 15. Bxb4 cxb4 16. Nf3 c5 17. Ng5 h6 18. Qh4 Qxe5+ 19. Kd2 Qxg5+ 20. Qxg5 hxg5 21. f3 Bd6 22. g3 Bxf3 23. Rhf1 Rxh2+ 24. Ke3 g4 25. Rf2 Bxg3 26. Rxh2 Bxh2 27. Rd1 Bxd1 28. c3 g3 29. cxb4 g2 30. bxc5 g1Q+ 31. Kd2 Bf4+ 32. Kc3 Qxc5# 0-1

[Event "Hessen-ch Seniors op 02nd"]
[Site "Bad Sooden-Allendorf"]
[Date "2006.04.25"]
[Round "1"]
[White "Bendisch, Juergen"]
[Black "Von Wegerer, Reinhard"]
[Result "1-0"]
[WhiteElo "1700"]
[BlackElo "847"]
[PlyCount "117"]
[EventDate "2006.04.25"]
[EventType "swiss"]
[EventRounds "9"]
[EventCountry "GER"]
[SourceTitle "EXT 2007"]
[Source "ChessBase"]
[SourceDate "2006.11.23"]
[SourceVersion "1"]
[SourceVersionDate "2006.11.23"]
[SourceQuality "1"]

1. d4 d5 2. c4 b6 3. cxd5 Qxd5 4. Nc3 Qa5 5. Bd2 Qb4 6. Qa4+ Qxa4 7. Nxa4 Nc6 8. e3 Bd7 9. Rc1 e6 10. Bb5 Nge7 11. Nf3 a6 12. Be2 Rc8 13. Bxa6 Ra8 14. Bb5 Nd5 15. a3 Bd6 16. Nxb6 Nxb6 17. Bxc6 Ra6 18. 0-0 Ke7 19. Bxd7 Kxd7 20. Rc2 f6 21. Rfc1 Na8 22. e4 Rb8 23. e5 fxe5 24. dxe5 Be7 25. h3 h6 26. Rd1 Ke8 27. Bc1 Kf7 28. Rc4 Ke8 29. g3 Rc8 30. Be3 Rb8 31. Bd4 Rd8 32. Rdc1 Rc8 33. Rc6 Rxc6 34. Rxc6 Kd7 35. Rc2 c6 36. Nd2 Nc7 37. Nc4 Na8 38. b4 Rb8 39. Na5 Bd8 40. Nxc6 Rc8 41. b5 Nb6 42. Nb4 Ra8 43. Na6 Nd5 44. f4 Ne7 45. Kg2 Nc8 46. Rc6 Na7 47. Rd6+ Kc8 48. a4 Kb7 49. Rxe6 Nc8 50. Rg6 Ne7 51. Rxg7 Kc8 52. g4 h5 53. f5 h4 54. f6 Nd5 55. Kf3 Nb4 56. f7 Nxa6 57. bxa6 Kd7 58. f8Q+ Kc6 59. Qd6# 1-0